Southville International School and Colleges
Your cart is empty.
  • Cart
  • Lists
    Public lists Eva Luna New books Lux_list list_1
    Your lists Log in to create your own lists
  • Log in to your account
  • Your cookies
  • Search history
Southville International School and Colleges
  • Advanced search
  • Recent comments
  • Most popular
  • Libraries

Log in to your account

Log in with GOOGLE


If you do not have an external account, but do have a local account, you can still log in:

  1. Home
  2. MARC view: The shack :
Normal view MARC view ISBD view

The shack : (Record no. 289035)

[ view plain ]
MARC details
000 -LEADER
fixed length control field 00767cam a2200229 a 4500
003 - CONTROL NUMBER IDENTIFIER
control field PILC
005 - DATE AND TIME OF LATEST TRANSACTION
control field 20160105151052.0
008 - FIXED-LENGTH DATA ELEMENTS--GENERAL INFORMATION
fixed length control field
020 ## - INTERNATIONAL STANDARD BOOK NUMBER
International Standard Book Number 9781609414115
050 00 - LIBRARY OF CONGRESS CALL NUMBER
Classification number PR 9199.4
Item number .Y696 2011
100 1# - MAIN ENTRY--PERSONAL NAME
Personal name Young, William P.
245 14 - TITLE STATEMENT
Title The shack :
Remainder of title where tragedy confronts eternity : a novel /
Statement of responsibility, etc by Wm. Paul Young ; in collaboration with Wayne Jacobsen and Brad Cummings.
250 ## - EDITION STATEMENT
Edition statement 1st Mass market ed.
260 ## - PUBLICATION, DISTRIBUTION, ETC. (IMPRINT)
Place of publication, distribution, etc Newbury Park, Calif. :
Name of publisher, distributor, etc Windblown Media,
Date of publication, distribution, etc 2007.
300 ## - PHYSICAL DESCRIPTION
Extent xviii, 279 pages ;
Dimensions 18 cm.
650 #0 - SUBJECT ADDED ENTRY--TOPICAL TERM
Topical term or geographic name as entry element Life change events
Form subdivision Fiction.
650 #0 - SUBJECT ADDED ENTRY--TOPICAL TERM
Topical term or geographic name as entry element Missing children
Form subdivision Fiction.
651 #0 - SUBJECT ADDED ENTRY--GEOGRAPHIC NAME
Geographic name Oregon
Form subdivision Fiction.
700 1# - ADDED ENTRY--PERSONAL NAME
Personal name Jacobsen, Wayne.
700 1# - ADDED ENTRY--PERSONAL NAME
Personal name Cummings, Brad.
942 ## - ADDED ENTRY ELEMENTS (KOHA)
Source of classification or shelving scheme Library of Congress Classification
Koha item type Books
Call number prefix Foreign
Holdings
Withdrawn status Lost status Source of classification or shelving scheme Damaged status Home library Current library Shelving location Date acquired Source of acquisition Sub Shelving location Total Checkouts Total Renewals Full call number Barcode Date last seen Date checked out Price effective from Koha item type
    Library of Congress Classification   College Library College Library Fiction Section 01/05/2016 Donation   2 1 PR 9199.4 .Y696 2011 C20353 04/27/2023 04/20/2023 01/05/2016 Books

The shack :

APA

Young W. P., Jacobsen W. & Cummings B. (2007). The shack. Newbury Park, Calif: Windblown Media.

Chicago

Young William P, Jacobsen Wayne and Cummings Brad. 2007. The shack. Newbury Park, Calif: Windblown Media.

Harvard

Young W. P., Jacobsen W. and Cummings B. (2007). The shack. Newbury Park, Calif: Windblown Media.

MLA

Young William P, Jacobsen Wayne and Cummings Brad. The shack. Newbury Park, Calif: Windblown Media. 2007.

  • Place hold
  • Print
  • Cite
  • Add to your cart (remove)
  • Save record
    BIBTEX Dublin Core MARCXML MARC (non-Unicode/MARC-8) MARC (Unicode/UTF-8) MARC (Unicode/UTF-8, Standard) MODS (XML) RIS
  • More searches
    Search for this title in:
    Other Libraries (WorldCat) Other Databases (Google Scholar) Online Stores (Bookfinder.com) Open Library (openlibrary.org)

Exporting to Dublin Core...

SOUTHVILLE LIBRARY

Southville International School and Colleges Library

1281 Tropical Ave. Cor. Luxembourg St., BF Homes International, Las Pinas City

Tel. No. 8256374 / 252358 Loc. 117/146

Powered by Koha